Eastern Utah Libraries Catalog: Duchesne, Heber, Roosevelt, & Vernal

Nash Falls / (Record no. 413486)

MARC details
000 -LEADER
fixed length control field 02553nam a22003975a 4500
001 - CONTROL NUMBER
control field in503443586
005 - DATE AND TIME OF LATEST TRANSACTION
control field 20260128113449.0
008 - FIXED-LENGTH DATA ELEMENTS--GENERAL INFORMATION
fixed length control field 260105s2025 |||| e|| |||||1||||||
020 ## - INTERNATIONAL STANDARD BOOK NUMBER
International Standard Book Number 9781538757987
Qualifying information (hardcover)
020 ## - INTERNATIONAL STANDARD BOOK NUMBER
International Standard Book Number 9781538777305
Qualifying information (large type)
020 ## - INTERNATIONAL STANDARD BOOK NUMBER
International Standard Book Number 9781538777121
Qualifying information (international trade)
020 ## - INTERNATIONAL STANDARD BOOK NUMBER
International Standard Book Number 9781538778654
Qualifying information (signed edition)
020 ## - INTERNATIONAL STANDARD BOOK NUMBER
International Standard Book Number 9781538780244
Qualifying information (B&N Black Friday signed edition)
040 ## - CATALOGING SOURCE
Language of cataloging eng
Description conventions fda
041 0# - LANGUAGE CODE
Language code of text/sound track or separate title eng
082 00 - DEWEY DECIMAL CLASSIFICATION NUMBER
Classification number 813.54
092 ## - LOCALLY ASSIGNED DEWEY CALL NUMBER (OCLC)
Classification number F
100 1# - MAIN ENTRY--PERSONAL NAME
Personal name Baldacci, David,
Relator term author.
9 (RLIN) 42885
245 10 - TITLE STATEMENT
Title Nash Falls /
Statement of responsibility, etc David Baldacci.
250 ## - EDITION STATEMENT
Edition statement First Edition: November 2025.
264 #1 - Production, Publication, Distribution, Manufacture, and Copyright Notice.
Place of production, publication, distribution, manufacture New York :
Name of producer, publisher, distributor, manufacturer Grand Central Publishing,
Date of production, publication, distribution, manufacture, or copyr 2025.
264 #4 - Production, Publication, Distribution, Manufacture, and Copyright Notice.
Date of production, publication, distribution, manufacture, or copyr ©2025.
300 ## - PHYSICAL DESCRIPTION
Extent 438 pages ;
Dimensions 24 cm
336 ## - Content Type
Content type term text
337 ## - Media type
Media type term unmediated
338 ## - Carrier type
Carrier type term volume
490 0# - SERIES STATEMENT
Series statement Walter Nash
Volume number/sequential designation 1
520 ## - SUMMARY, ETC.
Summary, etc "Walter Nash is an intelligent man, tough but fair-minded. He has a wife and a daughter and a very high-level position at Sybaritic Investments, where his innate skills and dogged tenacity have carried him to the top of the pyramid in his business career. Despite never going on grand adventures, and always working too many hours, he has a happy and upscale life with his family.<br/><br/>However, following the funeral of his estranged Vietnam veteran father, Nash is unexpectedly approached by the FBI in the middle of the night. They have an important request: become their inside man to expose an enterprise that is laundering large sums of money through Sybaritic. At the top of this illegal operation is Victoria Steers, an international criminal mastermind whom the FBI has been trying to bring down for years.<br/><br/>Nash has little choice but to accept the FBI's demands and try to bring Steers and her partners to justice. But when Steers discovers that Nash is working with the FBI, she turns the tables on him in a way he never could have contemplated. And that forces Nash to take his revenge: He must become the exact opposite of who he has always been. <br/><br/>And even that may not be enough."-- Inside cover.
650 #0 - SUBJECT ADDED ENTRY--TOPICAL TERM
Topical term or geographic name as entry element Crime
Form subdivision Detective and mystery stories.
9 (RLIN) 6559911
650 #0 - SUBJECT ADDED ENTRY--TOPICAL TERM
Topical term or geographic name as entry element Investigations
Form subdivision Detective and mystery stories.
9 (RLIN) 6559912
650 #0 - SUBJECT ADDED ENTRY--TOPICAL TERM
Topical term or geographic name as entry element Undercover operations
Form subdivision Detective and mystery stories.
9 (RLIN) 6559913
650 #0 - SUBJECT ADDED ENTRY--TOPICAL TERM
Topical term or geographic name as entry element Spies
Form subdivision Detective and mystery stories.
9 (RLIN) 6559914
655 #7 - INDEX TERM--GENRE/FORM
Source of term lcgft
Genre/form data or focus term Detective and mystery fiction
9 (RLIN) 5683641
655 #7 - INDEX TERM--GENRE/FORM
Source of term lcgft
Genre/form data or focus term Thrillers (Fiction)
942 ## - ADDED ENTRY ELEMENTS (KOHA)
Source of classification or shelving scheme Dewey Decimal Classification
Koha item type BOOK
Holdings
Withdrawn status Lost status Source of classification or shelving scheme Damaged status Not for loan Collection code Home library Current library Shelving location Date acquired Source of acquisition Serial Enumeration / chronology Total Checkouts Full call number Barcode Checked out Date last seen Date checked out Cost, replacement price Price effective from Koha item type
    Dewey Decimal Classification     Fiction Wasatch County Library Wasatch County Library First Floor 11/12/2025 Ingram #1 Walter Nash 7 F Baldacci 34301002104646 03/23/2026 03/02/2026 03/02/2026 32.00 11/12/2025 BOOK
This project was made possible through a grant from the Institute of Museum and Library Service administered by the Utah State Library Division.

Wasatch County Library

  • 465 East 1200 South, Heber City, Utah 84032
  • Phone 435-654-1511 | Fax 435-654-6456

Hours

  • Monday - Friday 9:30 AM - 8:00 PM
  • Saturday 9:30 AM - 1:30 PM
  • Closed Sundays and Holidays